000 00561nam a2200217Ia 4500
003 OSt
005 20220918191805.0
006 a|||||r|||| 00| 0
007 ta
008 220917b |||||||| |||| 00| 0 eng d
024 _a65,061
037 _cTextual
040 _aARTS
_cARTS
_beng
041 _2eng
_aeng
082 _aR1xM59:9, J2
100 _aThayer H S
_977205
245 0 _aLogic of pragmatism
_b an examination of John Dewey's logic
260 _c1952
942 _hR1xM59:9, J2
_cTEXL
_2CC
999 _c191398
_d191398